Revista de Pedagogía
Gorde:
| Formatua: | Aldizkako argitalpena |
|---|---|
| Hizkuntza: | Spanish |
| Argitaratua: |
Caracas :
CDCH,
1997 -
|
| Gaiak: | |
| Etiketak: |
Etiketa erantsi
Etiketarik gabe, Izan zaitez lehena erregistro honi etiketa jartzen!
|
MARC
| LEADER | 00000nas a2200000 4500 | ||
|---|---|---|---|
| 008 | 181022b1997 ve ||||| |||| 00| 0 spa d | ||
| 999 | |c 3578 |d 3578 | ||
| 022 | |a 0798-9792 | ||
| 090 | |a REVIS |b 06.01.01 | ||
| 245 | |a Revista de Pedagogía | ||
| 260 | |a Caracas : |b CDCH, |c 1997 - | ||
| 300 | |a volúmenes | ||
| 650 | 1 | 4 | |9 1 |a EDUCACIÓN |
| 650 | 1 | 4 | |9 3 |a PUBLICACIONES PERIÓDICAS |
| 942 | |i R0216,R0217,R0218,R0219,R0220,R0221,R0222,R0365,R0367,R0366,R0368,R0369,R0370,R0371,R0372,R0373,R0374,R0375,R0376,R0377,R0378,R0379,R0380,R0381 |h REVIS 06.01.01 |2 z |c 03 | ||
